000 01229nam a22002897a 4500
001 1161
005 20230808101652.0
008 230804b cb ||||| |||| 00| 0 khr d
020 _a9789924340263
040 _aFISKH
_beng
_cFISKH
_dFISKH
082 _a664.9
100 _aVanthary, Oum
245 _aសាច់ដែលខ្ញុំចូលចិត្ត /
246 _aMy favorite meat
250 _aបោះពុម្ភលើកទី ៤ មេសា ២០២១
260 _aPhnom Penh :
_bSipar,
_c2021.
300 _a16 unnumbered pages :
_bcolor illustrations ;
_c18 cm
505 _aaa
520 _aកុមារតូចនឹងបានរៀនពីឈ្មោះសាច់របស់សត្វមួយចំនួននៅជុំវិញខ្លួនរបស់គេ​អមជាមួយរូបភាពផងដែរ។
520 _aBasic vocabulary of meats with painted pictures are introduced to young children.
521 _a10
_bLexile
521 _aaa
_bRaz-Plus
650 _aសាច់របស់សត្វ
_vរូបភាព
650 _aMeat
_vPictures
700 _aSereyroath, Chea
_cillustrator
942 _2ddc
_cBK
_n0
999 _c1161
_d1161